000 00928nam a22002537a 4500
003 OSt
005 20240226131512.0
008 210318b 2020 dr p 00| 0 eng d
020 _a9789945617306
040 _aDO-SdBNP
_bspa
_cBNPHU
082 4 _aRD861.44
_bP438e
_222
100 1 _aPérez, Estela,
_d1966-
_978168
245 1 0 _aEl cielo que sale de tus ojos /
_cEstela Marina Pérez Ortiz; prólogo, Ángela Hernández de Torres.
260 _aSanto Domingo :
_bSantuario,
_c2020.
300 _a60 p. ;
_c23 cm.
500 _aIncluye datos biográficos de la autora en la solapa de la cubierta.
590 _aInventariado, 2021 /LP
590 _aLa biblioteca posee 1 ejemplar autografiado por la autora
650 4 _aPoesía dominicana
_978575
650 4 _aLiteratura dominicana
_978576
700 1 _aHernández de Torres, Ángela,
_eprólogo
_978169
910 _aValidado. Control de calidad MFF
942 _2ddc
_cLBS1
999 _c49608
_d49608